[Event "Begonia op 58th"]
[Site "Ballarat"]
[Date "2024.03.09"]
[Round "2"]
[White "Fan, Chloe"]
[Black "Testolin, Ryder"]
[Result "0-1"]
[WhiteElo "1919"]
[BlackElo "2097"]
[PlyCount "98"]
[EventDate "2024.03.09"]
[EventType "swiss"]
[EventRounds "7"]
[EventCountry "AUS"]
[SourceTitle "CB11_2024"]
[SourceDate "2024.03.13"]
[SourceVersion "1"]
[SourceVersionDate "2024.03.13"]
[SourceQuality "1"]

1. e4 e6 2. d4 d5 3. e5 c5 4. c3 Qb6 5. Nf3 Bd7 6. a3 Bb5 7. Be2 Qa6 8. Be3 Nd7 9. Bxb5 Qxb5 10. Qe2 Qxe2+ 11. Kxe2 Ne7 12. Nbd2 cxd4 13. cxd4 Nc6 14. Rhc1 f6 15. exf6 gxf6 16. b4 Bd6 17. Nb3 Rg8 18. g3 Ke7 19. Ne1 Nb6 20. Nd3 Nc4 21. Ndc5 b6 22. Ne4 Rac8 23. Nxd6 Kxd6 24. Bd2 a5 25. b5 Ne7 26. a4 Nf5 27. Be3 h5 28. Nd2 h4 29. Nxc4+ dxc4 30. gxh4 Kd5 31. Rg1 Nxh4 32. Rad1 Nf5 33. h3 Rxg1 34. Rxg1 Nxd4+ 35. Bxd4 Kxd4 36. Kd2 Rh8 37. Rg3 Rh6 38. Kc2 f5 39. Rf3 Rh4 40. Rg3 Rf4 41. Rg2 e5 42. Kd2 e4 43. Ke2 Rh4 44. Rg6 Rxh3 45. Rxb6 Ra3 46. Rf6 Ra2+ 47. Kf1 c3 48. Rc6 Rxa4 49. b6 Rb4 0-1